| 000 | 00650cam a2200217u 4500 | ||
|---|---|---|---|
| 001 | 9239936 | ||
| 003 | PILC | ||
| 005 | 20150826085822.0 | ||
| 008 | 810213s1931 ilu 000 0 eng | ||
| 010 | _a 37006450 | ||
| 040 |
_aDLC _cCarP _dDLC |
||
| 050 | 0 | 0 |
_aBF 1999 _b.R165 1966 |
| 100 | 0 |
_aRamacharaka, _cYogi, _d1862-1932. |
|
| 245 | 1 | 0 |
_aAdvanced course in yogi philosophy and Oriental occultism / _cYogi Ramacharaka. |
| 260 |
_aChicago, Ill., _bThe Yogi publication society, _c1966. |
||
| 300 |
_a280 pages ; _c18 cm. |
||
| 650 | 0 | _aOccultism. | |
| 650 | 0 | _aYoga. | |
| 906 |
_a0 _bcbc _cpremunv _du _encip _f19 _gy-gencatlg |
||
| 942 |
_2lcc _cBK |
||
| 999 |
_c288495 _d288495 |
||